000 01551nam a2200337 c 4500
999 _c57282
_d57282
003 BLK
005 20221025172852.0
008 180408b bul|||||r ||||||| ||bul||
010 _aKNG00061277000
040 _aBLK
041 _aBUL
_cBUL
080 _aКонструкции от естествени и изкуствени каменни материали - камък, тухли, бетон, стоманобетон, строителна керамика
_b624.012
_x(075.8)
_z624.012(075.8)
080 _aСтоманобетонни работи
_b693.55
_x(075.8)
_z693.55(075.8)
100 1 _aИгнатиев, Никола Димитров
_eпърви автор
_9369473
139 _aИгнатиев, Никола Д.
_bИ 29
245 1 0 _aСтоманобетон и масивни конструкции
_bУчебник за студентите от ВИСИ
_cНикола Димитров Игнатиев.
257 _aBGR
260 _aСофия
_bТехника
_c1976
300 _a524 с.
_bс черт.
_c25 см
380 _a62
500 _aБиблиогр. с. 517-520.
504 _a517-520
650 4 _aСтоманобетон - учебници за ВУЗ
_9287495
650 4 _aСтоманобетонни конструкции - учебници за ВУЗ
_9249213
653 _aстоманобетонни конструкции
852 _aЦб 84115
856 4 _qpdf
_i0.00
_ldisable
856 4 _qpdf
_i0.00
_ldisable
942 _cKNG
_n0
_s1
944 _aCR
_c13.06.2004
_kНаталия_Медовщикова
944 _aED
_c20.06.2016
_kНора_Радева
944 _aED
_c2022-10-25
_kХристина Везирева
999 _d57282